<?xml version="1.0" encoding="UTF-8"?>
<marc:record xmlns:marc="http://www.loc.gov/MARC21/slim">
   <marc:leader>00000nam a2200000 a 4500</marc:leader>
   <marc:datafield ind1="1" ind2=" " tag="100">
      <marc:subfield code="a">Pautsch, Oliver</marc:subfield>
      <marc:subfield code="4">aut</marc:subfield>
      <marc:subfield code="e">Verfasser/-in</marc:subfield>
   </marc:datafield>
   <marc:datafield ind1="0" ind2="0" tag="245">
      <marc:subfield code="a">Das Rätsel um den schwarzen Hengst</marc:subfield>
   </marc:datafield>
   <marc:datafield ind1=" " ind2="1" tag="264">
      <marc:subfield code="a">Würzburg</marc:subfield>
      <marc:subfield code="b">Arena</marc:subfield>
      <marc:subfield code="c">2020</marc:subfield>
   </marc:datafield>
   <marc:datafield ind1="1" ind2=" " tag="490">
      <marc:subfield code="a">Klassiker einfach lesen</marc:subfield>
   </marc:datafield>
   <marc:datafield ind1="1" ind2=" " tag="520">
      <marc:subfield code="a">Angaben aus der Verlagsmeldung##Sherlock Holmes, der Meisterdetektiv (2). Das Rätsel um den schwarzen Hengst : Klassiker einfach lesen / von Oliver Pautsch##Klassiker für starke Jungs##Ein rätselhafter Brief bringt Sherlock Holmes um den Schlaf. Der Absender ist kein Geringerer als Professor Moriarty, sein Erzfeind. Moriarty plant die Rache am Meisterdetektiv. Aber weshalb hat er ein wertvolles Rennpferd gestohlen? Werden Sherlock Holmes und Doktor Watson den teuflischen Plan des Professors verhindern können?##Abenteurer und Detektive - Klassiker einfach lesen##Der Titel ist auf Antolin.de gelistet.##Nach dem berühmten Roman von Arthur Conan Doyle - kindgerecht geschrieben und leicht zu lesen für Kinder ab 7/8 Jahren.##Weitere Geschichten von Sherlock Holmes bei Arena#978-3-401-  70712-9 Sherlock Holmes, der Meisterdetektiv - Das Geheimnis des blauen Karfunkels#978-3-401-71712-8 Sherlock Holmes, der Meisterdetektiv - Der Geisterhund im Nebelmoor#978-3-401-71534-6 Sherlock Holmes, der Meisterdetektiv - Der unsichtbare siebte Mann</marc:subfield>
   </marc:datafield>
   <marc:datafield ind1=" " ind2=" " tag="020">
      <marc:subfield code="a">9783401717180</marc:subfield>
      <marc:subfield code="9">9783401717180</marc:subfield>
   </marc:datafield>
   <marc:datafield ind1=" " ind2=" " tag="041">
      <marc:subfield code="a">ger</marc:subfield>
   </marc:datafield>
   <marc:datafield ind1=" " ind2=" " tag="300">
      <marc:subfield code="a">72 Seiten</marc:subfield>
   </marc:datafield>
</marc:record>
